000 00560nam a2200217Ia 4500
005 20241129115552.0
008 241129s9999||||xx |||||||||||||| ||und||
020 _a9789391512521
037 _aTB
040 _aSDCL
_beng
_cSDCL
041 _aeng
_2eng
084 _aQ2:332 R2
_qSDCL
100 _akaviraj Gopinath
245 0 _aAspects of Indian thought
260 _aNew Delhi
_bBharatiya Vidya Prakashan
_c2022
300 _a1,247p
365 _aINR
_b995
650 _aSanskrit
942 _cTB
_hQ2:332 R2
999 _c1231022
_d1231022